| 000 | 00444nam a2200181Ia 4500 | ||
|---|---|---|---|
| 001 | 12613 | ||
| 003 | IN-NITTTR | ||
| 005 | 20251114233118.0 | ||
| 008 | 251113s9999||||xx |||||||||||||| ||eng|| | ||
| 040 | _beng | ||
| 040 | _cIN-NITTTR | ||
| 041 | _aeng | ||
| 082 | _a510.0246 C815 T | ||
| 100 | _aCorn, Julian | ||
| 245 | 0 |
_aTechnical mathmatics through applications / _cCorn, Julian, Behr, Tony |
|
| 700 | _a Behr, Tony | ||
| 942 |
_2ddc _cBK |
||
| 999 |
_c15249 _d15249 |
||